000 00500nam a2200169 i 4500
001 48485
003 ES-MaACL
005 20230906161747.0
007 t|
008 030821s1897 sp ||||1| spa d
100 1 _aStrada, J. de.
_9108358
245 1 0 _aFilosofía metódica
_b: método general /
_cpor J. de Strada.
260 _aMadrid :
_bSucesores de Cuesta,
_c1897.
300 _a150 p. ;
_c19 cm.
500 _3J. de Strada es seudónimo de Gabriel Jules Delarue
852 _aES-MaACL
_jD-2914
999 _c48485
_d48485